000
00195 a2200097 4500
020
_a
9780395630600
041
_a
spa
100
_a
richard Jardine leon
245
_a
El Taxi de mi mama
942
_c
K
999
_c
30784
_d
30782